01626cam a2200265 a 450000500170000000800410001702000180005804100080007610000340008424501710011825000110028926000600030030000270036050002220038765301110060965300490072065300750076965300850084465301210092965300620105065300420111265300950115465300790124965300320132820240618124036.0100706s2004||||ag a | |||| 00| 0 spa d a9789500618687 aspa1 aRabinovich, Gabriel Adrián. aInmunopatología Molecular. Nuevas fronteras de la medicina.bUn nexo entre la investigacón biomédica y la práctica clínica / cGabriel Adrián Rabinovich. a1a ed. aBuenos Aires: bEditorial Médica Panamericana;c2004. a614 p.bil.c28x20 cm. aRabinovich, G. A. (2004). Inmunopatología Molecular. Nuevas fronteras de la medicina. Un nexo entre la investigación biomédica y la práctica clínica. (1a ed.). Buenos Aires : Editorial Médica Panamericana. aInmunología molecular y estructural: receptores, señales intracelulares y regulación transcripcional aInmunología, inmunogenética y trasplante aInflamación e inmunidad de mucosas: aspectos celulares y moleculares aAspectos celulares y moleculares de la respuesta inmune frente a las infecciones aInmunodeficiencias: desde el gen hacia la clinica. Diagnóstico molecular, terapéutica e investigación básica aInmunobiología e inmunopatología de la reproducción aRespuesta inmune frente a los tumores aTolerancia inmunológica y autoinmunidad: mecanismos, inmunodiagnóstico y terapéutica aAtopia, alergia e hipersenbilidad: perspectivas de la inmunointervención aNeuroinmunoendocrinología